Velké postavy západního myšlení slovník myslitelů

Salvato in:
Dettagli Bibliografici
Altri autori: McGreal, Ian P., Pokorný, Martin
Natura: Libro
Lingua:ceco
Pubblicazione: Praha PROSTOR 1999
Soggetti:
Tags: Aggiungi Tag
Nessun Tag, puoi essere il primo ad aggiungerne!!

MARC

LEADER 00000nam a2200000 4500
001 c131477
005 20221102135301.4
020 |a 80-7260-002-8 
041 0 |a cze 
044 |a CZ 
245 1 0 |a Velké postavy západního myšlení  |b slovník myslitelů  |c Uspořádal Ian P. McGreal ; [prel. Martin Pokorný] 
264 1 |a Praha  |b PROSTOR  |c 1999 
300 |a 707 s. 
610 2 0 |a filozofia 
610 2 0 |a história 
610 2 0 |a literatúra 
610 2 0 |a životopisy 
610 2 0 |a smery filozofické 
610 2 0 |a smery etické 
610 2 0 |a vývoj 
700 1 |a McGreal, Ian P. 
700 1 |a Pokorný, Martin